| 000 | 00803cam a22002654a 4500 | ||
|---|---|---|---|
| 001 | 14274 | ||
| 003 | BD-JhCC | ||
| 005 | 20250226093034.0 | ||
| 008 | 020410s2003 ohua b 001 0 eng | ||
| 020 | _a0324152523 (pbk.) | ||
| 035 | _a(BD-JhCC)14274 | ||
| 040 |
_aDLC _cDLC _dDLC |
||
| 041 | _aenglish | ||
| 050 | 0 | 0 |
_aHF5548.32 _b.K75 2003 |
| 082 | 0 | 0 |
_a658.84 _221 _bSAN 2003 |
| 100 | 1 | _aKrishnamurthy, Sandeep, | |
| 245 | 1 | 0 |
_aE-commerce management : _btext and cases / _cSandeep Krishnamurthy. |
| 260 |
_aMason, Ohio : _bThomson/South-Western, _c2003. |
||
| 300 |
_axxx, 445 p. : _bill. ; _c23 cm. |
||
| 504 | _aIncludes bibliographical references and index. | ||
| 650 | 0 |
_aElectronic commerce _xManagement. |
|
| 650 | 0 |
_aElectronic commerce _vCase studies. |
|
| 942 |
_2ddc _cBK |
||
| 999 |
_c14274 _d14274 |
||